000 00755nas a2200265 4500
001 BR2016000279
003 BR-BrBNA
005 20231205130050.0
007 ta
008 230509b bl.|||p| |||| 00| 00por d
040 _aBR-BrBNA
_bpor
_cBiblioteca Nacional de Agricultura
041 _a(Pt)
072 _aL73
100 1 _aPimenta, M.M.
100 1 _aReche Júnior, A.
245 1 _aHipertireoidismo em felinos: como identificar e tratar
650 _aGATO
650 _aMAMIFERO DOMESTICO
650 _aDOENCA ANIMAL
650 _aTIREOIDE
650 _aGLANDULA
773 0 _tRevista CFMV (Brazil)
_xISSN 1517-6959
_g(Jul-Sep 2015), v. 21(66) p. 31-34
_wBR2016000279
909 _a202311
_bLúcia
_c55
_dLúcia Elande
942 _2AGRIS
_n0
_cANA
999 _c247719
_d247719